| 000 | 00767nas a2200265 i 4500 | ||
|---|---|---|---|
| 001 | 170246 | ||
| 003 | ES-MaACL | ||
| 005 | 20250808011648.0 | ||
| 008 | 090216d19992011sp q| | ||pa d | ||
| 022 | _a1575-9679 | ||
| 080 | _a008 | ||
| 245 | 0 | 0 | _aAtenea. |
| 260 |
_aFerrol (La Coruña) : _bAteneo Ferrolán, _c1999-2011. |
||
| 300 |
_a3 v. : _bil. ; _c30 cm. |
||
| 310 | _aTrimestral | ||
| 362 | 0 | _aN. 1 (out. 1999)-n. 41 (abr./xuño. 2011) | |
| 650 | 7 |
_aVida intelectual _2embne _9159621 |
|
| 655 | 7 |
_2tgfbne _9226866 _aRevistas |
|
| 710 | 2 |
_aAteneo Ferrolán. _92041 |
|
| 852 | 1 |
_jHEM-2074 _9176905 _cHEM |
|
| 866 | 0 | _o2000-01,2004-2009. | |
| 942 |
_2udc _cPERIODICA |
||
| 999 |
_c170246 _d170246 |
||